000
00284nam a22001097a 4500
008
151009b xxu||||| |||| 00| 0 eng d
020
_a
0879011688.
082
_a
301 SOC
100
_a
ROBERTSON IAN (ed)
245
_a
THE SOCIAL WORLD
260
_a
NEW YORK:
_b
WORTH PUBLISHERS, INC.,
_c
1981.
999
_c
3421
_d
3421